Statistiques concernant Quelle Musique : Nekfeu

Cliquez ici pour prendre le quiz!

Statistiques générales

  • Ce quiz a été pris 359 fois
  • Le résultat moyen est 4 sur 10

Statistiques - réponses

HintRéponse% Correct
Ton père aime critiquer les Roms mais tes robes viennent de chez ManoushPrincesse
89%
Ouais, ouais, ça fait des années que ça dure
On ne juge pas le cyborg à son ossature
Saturne
62%
Elle serait prête à tout, même à se tatouer la tête de Marine Le Pen
Sur les fesses pour que je lui claque très fort
Risibles Amours
58%
Rien à péter de toutes leurs émissions de télé de vendus
Je voulais voir le monde avant d'être rappelé devant Dieu
Nique les clones, Pt. II
53%
Je veux lever le V de la victoire mais sans l'indexCheum
31%
Les plus gros fils de pute d'Europe et leurs p'tites fêtes
Abritent plus de putes en robe qu'un tribunal
Squa
29%
Y'a plus beaucoup d'espoir dans toutes les zones qu'on a exclues
Les paysages sont désolés, pourtant les hommes n'ont pas d'excuses
Ecrire
23%
J'ai des relations mais j'm'en sers pas
Si t'es un serpent ta main j'sers pas
Sous Les Nuages
22%
Des bicraveurs jugés comme pour un crime
Et des pédophiles jugés comme pour un délit
Voyage Léger
20%
C'est plus facile quand t'es blanc
Quand tu sors, tu commences à le voir
La Ballade Du Frémont
15%

Distribution des résultats

Percentile par nombre de réponses

% des personnes avec chaque résultat

Votre développement - résultats

Vous n’avez pas pris ce quiz